000 00533nam a2200217Ia 4500
003 OSt
005 20241023060559.0
008 240925s9999 xx 000 0 und d
020 _a9789386650641
040 _csd
082 _a658.45 OBE
100 _aOber, Scot
245 0 _aCommunicating in Business: with course mate
250 _a8th
260 _aAustralia:
_bCENGAGE Learning
_c,2013.
300 _a622p.
_b0
_fOriginal
500 _aIncludes Index
600 _aManagement
650 _aManagement
942 _cBK
_2ddc
999 _c15402
_d15402